[Event "72nd RUS-ch Superfinal 2019"]
[Site "Izhevsk"]
[Date "2019.08.13"]
[Round "3.1"]
[White "Predke, Alexandr"]
[Black "Inarkiev, Ernesto"]
[Result "1-0"]
[WhiteElo "2632"]
[BlackElo "2693"]
[Annotator "TA"]
[PlyCount "79"]
[EventDate "2019.08.10"]
[EventType "tourn"]
[EventCountry "RUS"]
[SourceTitle "playchess.com"]
[Source "ChessBase"]
[SourceQuality "1"]

{[%evp 10,79,8,8,5,11,0,0,0,3,15,14,18,10,9,8,8,10,27,29,24,25,28,8,29,-57,0,0,0,0,0,-29,26,8,20,-15,-8,-11,0,-10,0,0,0,0,0,0,0,-63,-61,-52,178,190,301,306,1058,1043,1823,1955,1998,1873,1836,1742,29985,2817,29985,29986,5627,1862,29983,29983,29993,29994]} 1. d4 d5 2. Nf3 Nf6 3. c4 c6 4. Qc2 dxc4 5. Qxc4 Bg4 6. Nbd2 Nbd7 {D23: Queen's Gambit Accepted: 3 Nf3 Nf6 sidelines} 7. g3 e6 8. Bg2 Be7 {The position is equal.} 9. O-O O-O 10. b3 (10. Qb3 b5 11. h3 Bh5 12. g4 Bg6 13. Nh4 Qb6 14. Nxg6 hxg6 {½-½ (63) Mamedyarov,S (2817)-Gozzoli,Y (2630) chess.com INT 2019}) 10... Rc8 11. Bb2 b5 $36 {[%mdl 2048] White is under pressure.} 12. Qc2 c5 13. Rfc1 {[#]} Nd5 $146 ({Predecessor:} 13... Qb6 14. Qd1 {1-0 (58) Berkes,F (2662)-Gledura,B (2621) Budapest 2018}) 14. Qd1 Qb6 15. dxc5 Nxc5 16. Bd4 {White wants to play Ne5.} Rfd8 17. Qc2 (17. Ne5 $11 Bf6 18. Bxc5 Rxc5 19. Rxc5 (19. Nxg4 Bxa1 20. Rxc5 Qxc5 $15) 19... Qxc5 20. Rc1 (20. Nxg4 Bxa1 21. Qxa1 Qc3 $15) 20... Bxe2 21. Qe1) 17... Qb8 (17... f6 $15 18. h3 Bh5) 18. Qb2 $11 f6 19. Nf1 Qd6 20. a4 b4 ({Better is} 20... e5 21. Bxc5 Rxc5) 21. Rc4 $1 Ne4 22. Rxc8 (22. Bxa7 $5 {[%cal Rc4e4]} Rxc4 23. bxc4 $15) 22... Rxc8 23. Bxa7 Ndc3 {Hoping for ...Qa6.} 24. Be3 e5 25. N1d2 {Strongly threatening Nxe4.} Nxe2+ 26. Kh1 N4c3 27. Nc4 Qd3 28. Ne1 (28. a5 $11) 28... Qf5 $15 29. a5 {Threatens to win with Nb6.} e4 $2 (29... Ne4 $1 $15 {stays ahead.} 30. Nd3 Bf3) 30. a6 $18 {aiming for a7.} Bc5 {[#]} (30... Nd5 $142) 31. Qd2 $1 Nd5 $2 (31... Nb5 32. Bxc5 Qxc5) 32. Bxc5 Rxc5 33. a7 h6 34. a8=Q+ Kh7 35. Qe8 Qxf2 {[#]} 36. Nd3 $1 exd3 37. Qxd3+ {[%mdl 64] Double Attack} f5 38. Rf1 ({Not} 38. Bxd5 Rxd5 39. Qg8+ (39. Ne5 $2 Rxe5 40. Qc6 Re3 $19) 39... Kxg8 $16) 38... Nxg3+ 39. hxg3 Qa2 40. Rxf5 {Accuracy: White = 67%, Black = 41%.} 1-0

[Event "72nd RUS-ch Superfinal 2019"]
[Site "Izhevsk"]
[Date "2019.08.13"]
[Round "3.2"]
[White "Jakovenko, Dmitry"]
[Black "Motylev, Alexander"]
[Result "1/2-1/2"]
[WhiteElo "2711"]
[BlackElo "2654"]
[Annotator "TA"]
[PlyCount "53"]
[EventDate "2019.08.10"]
[EventType "tourn"]
[EventCountry "RUS"]
[SourceTitle "playchess.com"]
[Source "ChessBase"]
[SourceQuality "1"]

{[%evp 11,53,12,7,0,0,0,0,0,10,10,7,10,8,0,1,0,8,-7,0,0,11,16,10,12,11,11,12,0,0,0,9,0,0,0,0,0,0,0,0,0,0,0,0,0]} 1. c4 e5 2. Nc3 Nf6 3. Nf3 Nc6 4. e3 Bb4 5. Qc2 Bxc3 6. Qxc3 Qe7 {The position is equal.} 7. d4 {A28: English Opening: Four Knights Variation} (7. Be2 O-O 8. d4 Ne4 9. Qc2 exd4 10. exd4 Qb4+ 11. Bd2 Nxd2 12. Qxd2 Qxd2+ 13. Kxd2 d6 14. h3 Bd7 15. Rhe1 Rfe8 {½-½ (30) Vitiugov,N (2709)-Kryvoruchko,Y (2698) Germany 2019}) 7... Ne4 8. Qd3 exd4 9. Nxd4 Nc5 10. Qd1 Nxd4 11. Qxd4 O-O 12. Be2 b6 13. O-O $146 ({Predecessor:} 13. Bf3 Bb7 14. Bxb7 Nxb7 {1-0 (62) Stark,L (2368)-Severina,M (2242) Riga 2018}) 13... Bb7 14. Bd2 Ne6 15. Qc3 Nf4 16. exf4 Qxe2 17. Rae1 Qg4 {[%csl Gb7][%cal Rg4g2] [#]} 18. f3 Qf5 19. Re5 Qf6 20. Qd3 Rae8 21. Bc3 Qxf4 22. Rxe8 Rxe8 23. Qxd7 {[%cal Rd7e8] [#]} Qe3+ 24. Kh1 Qe2 {[%cal Re2f1]} 25. Kg1 {Hoping for Re1!} Qe3+ 26. Kh1 Qe2 {[%cal Re2f1]} 27. Kg1 {Accuracy: White = 76%, Black = 56%.} 1/2-1/2

[Event "72nd RUS-ch Superfinal 2019"]
[Site "Izhevsk"]
[Date "2019.08.13"]
[Round "3.3"]
[White "Alekseenko, Kirill"]
[Black "Artemiev, Vladislav"]
[Result "0-1"]
[WhiteElo "2650"]
[BlackElo "2761"]
[Annotator "TA"]
[PlyCount "94"]
[EventDate "2019.08.10"]
[EventType "tourn"]
[EventCountry "RUS"]
[SourceTitle "playchess.com"]
[Source "ChessBase"]
[SourceQuality "1"]

{[%evp 11,94,26,35,35,29,18,36,25,27,17,61,45,64,54,65,70,98,100,87,7,0,0,0,0,0,0,0,0,0,0,9,-28,-27,-21,-20,-21,-27,-28,-19,-27,-21,-36,-12,-18,0,0,0,0,0,0,20,18,0,0,0,0,0,0,0,0,0,0,0,0,0,0,0,-265,-273,-258,-231,-339,-327,-485,-460,-969,-808,-5202,-5197,-1754,-466,-6111,-5727,-4898,-4818]} 1. e4 c6 2. d4 d5 3. e5 Bf5 4. Nf3 e6 5. Be2 h6 6. O-O Ne7 7. Nbd2 {B12: Caro-Kann: Advance Variation} Nd7 8. Nb3 (8. c3 g5 9. Ne1 c5 10. Nc2 Nc6 11. Nb3 c4 12. Nd2 Bg6 13. Bh5 Bd3 14. Re1 Bg7 {0-1 (60) Vachier Lagrave,M (2779)-Nakamura,H (2777) chess.com INT 2018}) 8... g5 9. a4 {[%cal Ba2a4,Ba4a5][%mdl 32] White is slightly better.} Bg7 10. a5 O-O 11. c3 Qc7 $146 ({Predecessor:} 11... b6 12. Be3 Qc7 13. Ne1 f6 14. exf6 Nxf6 15. f4 {0-1 (40) Sethuraman,S (2637)-Iturrizaga Bonelli,E (2639) Dubai 2019}) 12. h4 g4 13. Ne1 h5 14. Nd3 Ng6 15. Nf4 (15. f3 $16) 15... Nxf4 $1 $11 16. Bxf4 f6 17. exf6 Qxf4 18. fxg7 Kxg7 19. Qc1 e5 20. c4 Be6 21. c5 a6 22. dxe5 Qxc1 23. Raxc1 Rf4 24. Rfd1 $1 Nxe5 25. Rc3 Re8 26. Re3 Bc8 27. Nd4 Rff8 28. Bd3 Kf6 29. Kh2 Re7 30. Kg3 Rfe8 31. Bc2 Nd7 32. Rxe7 Rxe7 33. b4 Nf8 34. Kf4 Re5 35. f3 $1 Ne6+ 36. Nxe6 Bxe6 {[%mdl 4096] Endgame KRB-KRB} 37. Bg6 $1 gxf3 38. gxf3 Bf5 39. Bxf5 $4 {[%mdl 8192]} (39. Rg1 $1 $11 {and White has nothing to worry.} Bxg6 40. Rxg6+ $1 {[%mdl 512]} Kxg6 41. Kxe5) 39... Rxf5+ {KR-KR} 40. Ke3 Ke5 41. Rg1 (41. Re1 {was worth a try.}) 41... d4+ $19 42. Kf2 (42. Kd2 {was called for.} Rxf3 43. Rg7) 42... Kd5 {Black is clearly winning.} 43. Rg7 (43. Ke2 $142 Kc4 44. Rd1) 43... Kc4 44. Rxb7 d3 45. Rd7 Kc3 {Strongly threatening ...d2.} 46. Ke3 {[#]} (46. f4 $142 Rxf4+ 47. Ke3 Rxh4 48. Rxd3+ Kxb4 {[%mdl 64] Double Attack} 49. Rd6 Kxc5 50. Rh6) 46... Re5+ $1 47. Kf4 Re1 {Accuracy: White = 62%, Black = 77%.} 0-1

[Event "72nd RUS-ch Superfinal 2019"]
[Site "Izhevsk"]
[Date "2019.08.13"]
[Round "3.4"]
[White "Sarana, Alexey"]
[Black "Matlakov, Maxim"]
[Result "1/2-1/2"]
[WhiteElo "2640"]
[BlackElo "2701"]
[Annotator "TA"]
[PlyCount "82"]
[EventDate "2019.08.10"]
[EventType "tourn"]
[EventCountry "RUS"]
[SourceTitle "playchess.com"]
[Source "ChessBase"]
[SourceQuality "1"]

{[%evp 20,82,0,14,12,0,0,0,0,0,0,0,0,0,0,0,19,1,32,0,0,0,0,0,0,0,0,0,0,0,0,0,0,0,0,0,0,-18,0,0,0,0,0,0,0,0,0,0,0,0,0,0,0,0,0,0,0,0,0,0,0,0,0,0,0]} 1. d4 Nf6 2. c4 e6 3. Nf3 d5 4. Nc3 c6 5. Bg5 h6 6. Bh4 dxc4 7. e4 g5 8. Bg3 b5 9. Be2 Bb7 10. h4 g4 11. Ne5 Nbd7 {[%cal Bb8d7,Bd7f6,Bf6e4][%mdl 32] D43: Semi-Slav: 5 Bg5 h6} 12. Nxg4 (12. Nxd7 Qxd7 13. Be5 Bg7 14. Bxg4 O-O-O 15. Bh3 Ne8 16. Bxg7 Nxg7 17. Ne2 f5 18. b3 fxe4 19. bxc4 Nf5 20. O-O Nxd4 21. Nxd4 Qxd4 22. Bxe6+ Kb8 23. Qxd4 Rxd4 24. Rad1 {½-½ (24) Li,C (2741)-Gelfand,B (2719) Palma de Mallorca 2017}) 12... b4 13. Nxf6+ Nxf6 14. Na4 Nxe4 15. Be5 Rg8 $1 16. Bxc4 Bd6 {[#] aiming for ...Bxe5.} 17. Qh5 Bxe5 ({Don't play} 17... Rxg2 18. Bxe6 Qe7 19. Bh3 $16 (19. Qf3 Bxe5 20. Qxg2 Bxd4 $15)) 18. Qxe5 c5 19. Nxc5 (19. d5 $5 Bxd5 20. Rd1 $11) 19... Nxc5 {The position is equal.} 20. dxc5 {[#] Threatens to win with Bb5+.} Rc8 21. Rd1 Qc7 $1 {[%cal Rc7e5]} 22. Bb5+ $146 ({Predecessor:} 22. Rd6 Qxc5 23. Bb5+ {½-½ (23) Yalov,S (2404)-Hedlund,T (2561) ICCF email 2014}) 22... Bc6 23. Qxc7 Rxc7 24. Bxc6+ Rxc6 $11 {[%mdl 4096] Endgame KRR-KRR} 25. Rc1 Rxg2 26. Rc4 a5 27. Ke2 Ke7 28. Rh3 Rg8 29. a3 Rgc8 30. axb4 axb4 31. Rb3 Rxc5 32. Rxc5 Rxc5 33. Rxb4 {KR-KR} Kd6 34. Kf3 h5 35. Kg3 Ke5 36. Rb8 f5 37. Rh8 Rb5 38. Rxh5 Rb3+ 39. Kg2 Kf4 40. Rg5 Rxb2 41. Rg3 e5 {Accuracy: White = 86%, Black = 83%.} 1/2-1/2

[Event "72nd RUS-ch Superfinal 2019"]
[Site "Izhevsk"]
[Date "2019.08.13"]
[Round "3.5"]
[White "Dreev, Aleksey"]
[Black "Fedoseev, Vladimir"]
[Result "1/2-1/2"]
[WhiteElo "2655"]
[BlackElo "2681"]
[Annotator "TA"]
[PlyCount "81"]
[EventDate "2019.08.10"]
[EventType "tourn"]
[EventCountry "RUS"]
[SourceTitle "playchess.com"]
[Source "ChessBase"]
[SourceQuality "1"]

{[%evp 16,81,29,26,51,54,41,40,33,33,37,34,58,9,16,20,14,0,0,0,57,34,34,52,37,25,33,48,45,54,41,57,55,52,42,30,21,16,21,16,14,2,38,44,54,21,40,0,77,65,56,0,39,0,0,0,0,0,0,-5,4,4,10,0,0,-17,0,0]} 1. d4 Nf6 2. c4 g6 3. Nc3 d5 4. Nf3 Bg7 5. Bf4 dxc4 6. e3 c5 7. Bxc4 cxd4 8. Nxd4 O-O 9. O-O Nbd7 {[#] Strongly threatening ...e5. D93: Grünfeld: 4 Nf3 Bg7 5 Bf4 0-0 6 e3} 10. Bg3 Nc5 11. Rc1 Qb6 $146 {White is slightly better.} ({Predecessor:} 11... Nfe4 12. Nxe4 Nxe4 13. Bc7 Qd7 14. Bb3 Nd6 15. Qe2 Bxd4 16. exd4 Nb5 17. Qe5 Nxd4 18. Rfd1 Nc6 19. Rxd7 Nxe5 20. Rxe7 Nc6 21. Ree1 {½-½ (21) Turov,M (2550)-Oral,T (2540) Quebec 2001}) 12. Ncb5 Ne8 13. Qc2 e5 14. Nf3 (14. b4 $5 {[%cal Rb4c5]} Na6 15. Nf3 $11) 14... Bf5 15. Qe2 Bg4 {[#] And now ...e4 would win.} 16. Qc2 Bf5 $1 {[%cal Rf5c2]} 17. Qe2 Rd8 (17... Bg4 $1 $11) 18. Rfd1 ({Much worse is} 18. Bxe5 Bd3 $17) 18... Rxd1+ 19. Rxd1 Bg4 20. h3 Bh5 {aiming for ...e4.} 21. Qc2 a6 {Threatens to win with ...Bxf3.} 22. Nc3 Bxf3 $1 23. gxf3 Nd6 24. Nd5 Qd8 25. Bf1 Ne6 26. Nc3 Qc7 27. Bd3 Rc8 28. h4 Nc5 29. Bf1 Ne6 30. Qb3 Nc5 31. Qc2 Qe7 (31... Ne6 $11 {remains equal.}) 32. Nd5 Qf8 33. Rc1 (33. Bh3 $14 Ne6 34. Qa4) 33... Kh8 (33... Rc6 {looks sharper.} 34. Nb4 Rc8 35. Nd5) 34. Qd1 {White wants to play Nb6.} (34. Nb6 $5 {[%cal Rb6c8]} Rc6 35. Qd1 $11) 34... Nf5 {The position is equal.} 35. b4 Ne6 36. Rxc8 Qxc8 37. Qd3 Qd8 38. Nc3 Qe7 39. Nd5 Qd6 40. Kg2 h5 41. a4 {Accuracy: White = 51%, Black = 59%.} 1/2-1/2

[Event "72nd RUS-ch Superfinal 2019"]
[Site "Izhevsk"]
[Date "2019.08.13"]
[Round "3.6"]
[White "Vitiugov, Nikita"]
[Black "Tomashevsky, Evgeny"]
[Result "1/2-1/2"]
[WhiteElo "2727"]
[BlackElo "2702"]
[Annotator "TA"]
[PlyCount "71"]
[EventDate "2019.08.10"]
[EventType "tourn"]
[EventCountry "RUS"]
[SourceTitle "playchess.com"]
[Source "ChessBase"]
[SourceQuality "1"]

{[%evp 17,71,0,0,0,0,0,8,0,6,6,6,14,12,3,9,0,0,0,0,0,0,0,0,0,8,-6,-5,-5,0,-7,-10,-12,-12,-8,-14,-14,-8,-9,-11,-13,0,-20,0,0,0,-6,-5,-20,-23,-31,-26,-22,0,-13,0,-18]} 1. e4 e5 2. Nf3 Nc6 3. Bc4 Bc5 4. c3 Nf6 5. d4 exd4 6. e5 d5 7. Bb5 Ne4 8. cxd4 Bb6 9. Nc3 O-O 10. Be3 {C54: Giuoco Piano: 4 c3 Nf6, main lines with 5 d4 and 5 d3} Bg4 11. h3 Bh5 12. Qc2 Nxc3 13. bxc3 f6 14. exf6 Qxf6 15. Be2 Bg6 16. Qb3 Qd6 17. O-O {[#]} h6 $146 ({Predecessor:} 17... Rae8) 18. a4 Be4 19. Nd2 Bf5 20. Rfe1 Rad8 21. Bg4 Na5 22. Qd1 c6 23. g3 Qg6 24. Bxf5 Qxf5 25. Qg4 Bc7 26. Qxf5 Rxf5 27. Kg2 Re8 28. Rab1 Rf7 29. Rec1 Ree7 30. h4 Bd6 31. Rc2 Kf8 32. Kh3 Ke8 33. Kg4 Kd8 34. Kh3 Ke8 35. Kg4 Kd8 36. Kh3 {Accuracy: White = 59%, Black = 63%.} 1/2-1/2

[Event "72nd RUS-ch Superfinal 2019"]
[Site "Izhevsk"]
[Date "2019.08.14"]
[Round "4.1"]
[White "Fedoseev, Vladimir"]
[Black "Vitiugov, Nikita"]
[Result "1/2-1/2"]
[WhiteElo "2681"]
[BlackElo "2727"]
[Annotator "TA"]
[PlyCount "85"]
[EventDate "2019.08.10"]
[EventType "tourn"]
[EventCountry "RUS"]
[SourceTitle "playchess.com"]
[Source "ChessBase"]
[SourceQuality "1"]

{[%evp 13,85,28,35,41,35,37,47,2,18,-12,-22,-40,18,18,20,23,17,0,0,0,0,0,0,0,0,0,0,0,0,-34,-77,-66,-25,-24,-28,-151,-16,-15,39,50,34,37,17,37,38,43,697,735,735,697,697,682,708,797,800,783,770,759,802,680,658,16,16,8,14,13,8,10,11,0,75,0,65,0]} 1. e4 e5 2. Nf3 Nc6 3. Bb5 a6 4. Ba4 Nf6 5. O-O Bc5 6. c3 O-O 7. d4 Ba7 8. Bg5 $146 {C78: Ruy Lopez: Archangelsk and Möller Defences} (8. dxe5 Nxe4 9. Bc2 d5 10. exd6 Nxd6 11. Bg5 f6 12. Bf4 g5 13. Bxd6 Qxd6 14. Qxd6 cxd6 15. Nbd2 g4 {0-1 (73) Vallejo Pons,F (2693)-Carlsen,M (2845) Karlsruhe/Baden Baden 2019}) 8... h6 9. Bh4 $1 exd4 10. Re1 d6 11. Nxd4 Ne5 12. h3 b5 (12... g5 $1 $15 13. Bg3 g4) 13. Bc2 Bb7 14. Nd2 Re8 15. f4 Ng6 $36 {[%mdl 2048] Black is pushing.} 16. Bg3 Qd7 17. Kh2 Rad8 18. a4 c5 19. Nf5 Bb8 20. axb5 axb5 21. Re3 d5 {[%cal Rd5e4]} 22. e5 {Strongly threatening Nb3.} d4 23. cxd4 $1 Nd5 24. Rea3 (24. Rf3 $11 {keeps the balance.}) 24... cxd4 (24... Ndxf4 $17 25. Bxf4 Nxf4) 25. Qg4 $11 Ne3 (25... d3 $11 26. Rxd3 Qc6) 26. Nxe3 $14 dxe3 27. Ne4 Qd4 {[#]} 28. Nf6+ $1 {[%mdl 512]} gxf6 29. Bxg6 {Threatens to win with Bf5+.} Kf8 $2 {[%mdl 8192]} (29... fxe5 $14 30. Bc2+ (30. Be4+ Kh8 $11) 30... Kh8) 30. Qh4 $18 fxg6 31. Qxf6+ Kg8 {And now ...Qe4 would win.} 32. Qxg6+ {[%mdl 64] Double Attack} Kf8 33. Qxh6+ Kg8 34. Qg6+ Kf8 {[#]} 35. Ra6 $1 {[%mdl 512]} Bxa6 36. Rxa6 {White threatens Rf6+ and mate.} Bd6 {If only Black now had time for ...e2....} 37. Rxd6 $2 ({Not} 37. exd6 Rd7 $18) (37. Qf6+ $18 Kg8 38. Qg6+ (38. Rxd6 Rxd6 39. Qg5+ Kf7 $16) 38... Kf8 39. Qh7 (39. Rxd6 Rxd6 40. exd6 e2 $16) (39. exd6 Qg7 $18)) 37... Rxd6 $11 38. exd6 $18 {Black must now prevent Qf5+. KQR-KQB} e2 39. Qf5+ Kg7 40. d7 Re7 41. Qg5+ Kf7 {[#]} (41... Kf8 $11) 42. Qf5+ (42. f5 $1 $16 {Intending Qg6+ and mate.} Rxd7 43. Qh5+ {[%mdl 64] Double Attack} Kf8 44. Qxe2) 42... Kg8 ({Better is} 42... Kg7 $11) 43. Qg5+ {Accuracy: White = 49%, Black = 54%.} ({White should play} 43. Qxb5 $14 Qxd7 44. Qc4+ Kf8 45. Be1) 1/2-1/2

[Event "72nd RUS-ch Superfinal 2019"]
[Site "Izhevsk"]
[Date "2019.08.14"]
[Round "4.2"]
[White "Matlakov, Maxim"]
[Black "Dreev, Aleksey"]
[Result "1-0"]
[WhiteElo "2701"]
[BlackElo "2655"]
[Annotator "TA"]
[PlyCount "119"]
[EventDate "2019.08.10"]
[EventType "tourn"]
[EventCountry "RUS"]
[SourceTitle "playchess.com"]
[Source "ChessBase"]
[SourceQuality "1"]

{[%evp 19,119,31,24,26,22,4,4,0,0,0,0,0,6,11,14,14,14,14,15,13,16,12,16,22,35,36,44,26,54,34,33,30,51,32,48,11,24,0,0,-18,106,107,107,112,103,106,103,91,102,95,98,90,121,95,112,109,100,100,130,132,137,137,147,139,161,154,240,241,276,206,198,198,220,147,453,252,260,258,251,251,292,294,279,232,362,289,288,293,297,226,224,214,222,217,504,504,799,714,810,749,29974,29970]} 1. d4 d5 2. c4 c6 3. Nf3 Nf6 4. Nc3 e6 5. e3 Nbd7 6. Bd3 dxc4 7. Bxc4 b5 8. Bd3 b4 9. Ne4 Nxe4 10. Bxe4 Bb7 11. Nd2 {D47: Semi-Slav: Meran System} Rc8 12. b3 $146 ({Predecessor:} 12. a3 bxa3 13. O-O Ba6 14. Re1 Bd6 15. b3 Qe7 16. Nc4 Bxc4 17. bxc4 O-O 18. Qd3 f5 {0-1 (45) Kasimdzhanov,R (2684)-Mamedyarov,S (2729) London 2012}) 12... Ba6 13. Nc4 {The position is equal.} c5 14. O-O Nf6 15. Bd3 cxd4 16. exd4 Be7 17. a3 bxa3 18. Bxa3 Bxa3 19. Rxa3 Bxc4 20. Bxc4 Qd7 21. Qa1 Rc7 22. d5 exd5 23. Re1+ Kd8 $1 24. Rd1 $36 {[%mdl 3072] White has compensation. White has good play.} Re8 25. Ra5 Re6 $1 26. h3 {[%cal Rc4d5]} Rd6 27. Bf1 h6 28. Qd4 Qe7 29. f3 Re6 (29... Ke8 $11 {keeps the balance.}) 30. Rxd5+ $1 $16 Rd7 31. Rxd7+ $1 Qxd7 32. Qa1 Rd6 33. Rxd6 Qxd6 34. Qxa7 Nd7 35. Qe3 Nb6 36. Qe4 Qc5+ 37. Kh1 Qd6 38. Bb5 Qd1+ 39. Kh2 {Hoping for Qe8+.} Qd6+ 40. f4 {Strongly threatening Qe8+.} Nd5 41. g3 Qc5 {[#]} 42. Bc4 $1 {[%cal Rc4d5]} Ne3 (42... Nf6 $16 {keeps fighting.} 43. Qe2 Qc7) 43. Bxf7 $18 Qc1 {Threatens to win with ...Qd2+.} 44. Qd3+ Kc7 {( -> ...Qb2+)} 45. Qe2 Kb6 46. b4 {[%cal Bb3b4,Bb4b5][%mdl 32]} g5 $2 {[%mdl 8192] [#]} (46... Qc2 $16 47. Qxc2 Nxc2) 47. fxg5 (47. f5 $142 $1) 47... hxg5 48. Be8 Kc7 49. Bg6 Kd6 50. Bd3 Ke5 51. b5 {aiming for b6.} Kd6 (51... Kd4 {was necessary.} 52. b6 Qc6) 52. Qf3 Qb2+ 53. Be2 Nf5 {Now ...Nd4 and Black clings on.} 54. Kg1 {Black must now prevent Qc6+.} Qe5 55. Kf2 Qc5+ 56. Kg2 Ke5 $2 (56... Kc7 {might work better.} 57. Bd3 Nd6) 57. Qc6 Qa3 (57... Qxc6+ $142 58. bxc6 Kd6) 58. Qc7+ Kf6 59. Qd8+ Ke6 60. Bc4+ {Accuracy: White = 72%, Black = 58%.} 1-0

[Event "72nd RUS-ch Superfinal 2019"]
[Site "Izhevsk"]
[Date "2019.08.14"]
[Round "4.3"]
[White "Artemiev, Vladislav"]
[Black "Sarana, Alexey"]
[Result "1/2-1/2"]
[WhiteElo "2761"]
[BlackElo "2640"]
[Annotator "TA"]
[PlyCount "81"]
[EventDate "2019.08.10"]
[EventType "tourn"]
[EventCountry "RUS"]
[SourceTitle "playchess.com"]
[Source "ChessBase"]
[SourceQuality "1"]

{[%evp 9,81,-13,-4,-6,-2,-9,0,-13,6,0,0,0,37,0,13,0,25,24,18,27,26,19,18,18,36,0,38,0,47,23,30,14,12,11,11,11,9,0,0,10,10,4,10,5,21,0,0,0,0,-9,0,-38,-38,-38,-38,-31,0,0,0,0,0,0,0,0,0,0,0,0,0,0,0,0,0,0]} 1. c4 e5 2. g3 Nf6 3. Bg2 Nc6 4. Nc3 Bb4 5. e4 d6 (5... Nd4 6. Nge2 c6 7. O-O O-O 8. d3 Nxe2+ 9. Nxe2 d5 10. exd5 cxd5 11. Qb3 Bg4 12. Qxb4 Bxe2 13. Re1 Bxd3 14. Rxe5 dxc4 {1-0 (62) Naiditsch,A (2689)-Sokolov,I (2642) Reykjavik 2015}) 6. d3 {A25: English Opening vs King's Indian with ...Nc6 but without early d3} O-O 7. Nge2 Bg4 8. O-O (8. f3 {seems wilder.} Be6 9. a3 Bc5 10. b4 Bb6 11. Na4) 8... Bxe2 9. Qxe2 Nd4 10. Qd1 Nd7 $146 ({Predecessor:} 10... Bc5 11. h3 c6 12. Rb1 a5 13. Kh2 {½-½ (54) Misicko,J (2055)-Baciak,M (1930) Czech email 2003}) 11. Kh1 (11. a3 $5 {[%cal Ra3b4]} Bc5 12. b4 $11) 11... Bc5 12. f4 exf4 13. gxf4 f5 14. Be3 {next b4! is good for White.} a5 15. Qd2 {Hoping for Qf2.} c6 16. Qf2 Qf6 17. Rad1 (17. Na4 $5 {[%cal Re4e5]}) 17... Kh8 18. Rg1 Rf7 19. Bh3 Nf8 20. exf5 Nxf5 21. Bxc5 dxc5 22. Qxc5 Ne6 23. Qxf5 Qxf5 24. Bxf5 Rxf5 25. d4 Rxf4 26. d5 Nc5 27. dxc6 bxc6 28. Rd6 Rc8 29. Rgd1 {Rxc6! is the strong threat.} (29. b3 {keeps more tension.} h6 30. Rgg6 Rf1+ 31. Kg2 Rc1 32. Rxc6 Rc2+ 33. Kh1) 29... h6 30. Rd8+ Rxd8 31. Rxd8+ $15 {[%mdl 4096] Endgame KRN-KRN} Kh7 32. Rd6 Ne4 (32... Rf2 {with more complications.} 33. b3 Rc2 34. Rxc6 Nd3 35. Ne4 Ne1) 33. Nxe4 {The position is equal.} Rxe4 $11 {KR-KR} 34. b3 Re1+ 35. Kg2 Re2+ 36. Kg1 Rxa2 37. Rxc6 Rb2 38. Rc5 Rxb3 39. Rxa5 Rc3 40. Rc5 Rc2 41. Rc6 {Accuracy: White = 58%, Black = 54%.} 1/2-1/2

[Event "72nd RUS-ch Superfinal 2019"]
[Site "Izhevsk"]
[Date "2019.08.14"]
[Round "4.4"]
[White "Motylev, Alexander"]
[Black "Alekseenko, Kirill"]
[Result "1/2-1/2"]
[WhiteElo "2654"]
[BlackElo "2650"]
[Annotator "ChessBase"]
[PlyCount "90"]
[EventDate "2019.08.10"]
[EventType "tourn"]
[EventCountry "RUS"]
[SourceTitle "playchess.com"]
[Source "ChessBase"]
[SourceQuality "1"]
[TimeControl "40/5400+30:1800+30"]

1. e4 {[%emt 0:00:00]} e5 {[%emt 0:00:00]} 2. Nf3 {[%emt 0:00:00]} Nc6 {[%emt 0:00:08]} 3. d4 {[%emt 0:00:00]} exd4 {[%emt 0:00:36]} 4. Nxd4 {[%emt 0:00:00]} Nf6 {[%emt 0:01:31]} 5. Nc3 {[%emt 0:00:30]} Bb4 {[%emt 0:00:44]} 6. Nxc6 {[%emt 0:00:07]} bxc6 {[%emt 0:00:06]} 7. Bd3 {[%emt 0:00:06]} d5 {[%emt 0:03:50]} 8. exd5 {[%emt 0:00:21]} O-O {[%emt 0:00:24]} 9. O-O {[%emt 0:00:21]} cxd5 {[%emt 0:01:07]} 10. a3 {[%emt 0:02:05]} Bd6 {[%emt 0:10:22]} 11. Nb5 {[%emt 0:01:23]} Be5 {[%emt 0:07:44]} 12. f4 {[%emt 0:02:23]} Bd6 {[%emt 0:00:08]} 13. b4 {[%emt 0:00:52]} c5 {[%emt 0:22:19]} 14. Nxd6 {[%emt 0:06:53]} Qxd6 {[%emt 0:01:43]} 15. Kh1 {[%emt 0:00:52]} d4 {[%emt 0:03:20]} 16. bxc5 {[%emt 0:14:07]} Qxc5 {[%emt 0:00:13]} 17. Rb1 {[%emt 0:00:22]} Re8 {[%emt 0:09:49]} 18. Rb5 {[%emt 0:15:18]} Qc6 {[%emt 0:03:05]} 19. Re5 {[%emt 0:02:31]} Bb7 {[%emt 0:08:25]} 20. Qe2 {[%emt 0:01:03]} Rxe5 {[%emt 0:05:58]} 21. fxe5 {[%emt 0:02:37]} Re8 {[%emt 0:02:58]} 22. Bf4 {[%emt 0:29:43]} Nh5 {[%emt 0:00:12]} 23. Bc4 {[%emt 0:10:08]} d3 {[%emt 0:07:47]} 24. Bxd3 {[%emt 0:06:04]} Nxf4 {[%emt 0:00:06]} 25. Rxf4 {[%emt 0:00:06]} Rxe5 {[%emt 0:00:11]} 26. Qd2 {[%emt 0:00:35]} g6 {[%emt 0:06:03]} 27. Bf1 {[%emt 0:00:28]} Rd5 {[%emt 0:01:20]} 28. Qf2 {[%emt 0:00:55]} Rd1 {[%emt 0:00:15]} 29. Kg1 {[%emt 0:02:55]} Qd6 {[%emt 0:02:19]} 30. c4 {[%emt 0:01:40]} Bxg2 {[%emt 0:00:25]} 31. Kxg2 {[%emt 0:00:26]} Rd2 {[%emt 0:00:04]} 32. Be2 {[%emt 0:00:17]} Rxe2 {[%emt 0:00:52]} 33. Qxe2 {[%emt 0:00:09]} Qxf4 {[%emt 0:00:04]} 34. Qe7 {[%emt 0:00:57]} Qg4+ {[%emt 0:01:49]} 35. Kf2 {[%emt 0:00:11]} Qd4+ {[%emt 0:00:17]} 36. Kg2 {[%emt 0:00:16]} Qd2+ {[%emt 0:00:18]} 37. Kg1 {[%emt 0:00:22]} Qd4+ {[%emt 0:00:58]} 38. Kg2 {[%emt 0:00:09]} a5 {[%emt 0:00:34]} 39. c5 {[%emt 0:00:25]} Qb2+ {[%emt 0:00:24]} 40. Kg1 {[%emt 0:00:00]} Qb1+ {[%emt 0:00:00]} 41. Kg2 {[%emt 0:01:30]} Qb2+ {[%emt 0:07:27]} 42. Kg1 {[%emt 0:00:39]} Qd4+ {[%emt 0:00:27]} 43. Kg2 {[%emt 0:00:42]} Kg7 {[%emt 0:00:27]} 44. Qc7 {[%emt 0:01:30]} Qb2+ {[%emt 0:09:42]} 45. Kg1 {[%emt 0:02:03]} Qd4+ {[%emt 0:00:06]} 1/2-1/2